Statistics for Songs with Body Parts in the Title

Click here to take the quiz!

General Stats

  • This quiz has been taken 134,710 times
    (111,014 since last reset)
  • The average score is 15 of 22

Answer Stats

ArtistSong% Correct
Celine DionMy {Heart} Will Go On
98%
Lady GagaPoker {Face}
98%
TraditionalRudolph, the Red-{Nose}d Reindeer
98%
The BeatlesI Want To Hold Your {Hand}
97%
Kylie MinogueCan't Get You Out Of My {Head}
95%
Cutting Crew(I Just) Died in Your {Arms}
93%
Kenny Loggins{Foot}loose
91%
The WhoBehind Blue {Eyes}
89%
Shakira{Hips} Don't Lie
84%
George Thorogood &
the Destroyers
Bad to the {Bone}
82%
Sir Mix-a-LotBaby Got {Back}
79%
Boyz II MenOn Bended {Knee}
74%
Frank SinatraI've Got You Under My {Skin}
73%
Cypress HillInsane In The {Brain}
71%
QueenFat {Bottom}ed Girls
67%
The ShinsKissing The {Lip}less
58%
Jay-ZDirt Off Your {Shoulder}
54%
The Rolling StonesUnder My {Thumb}
39%
Jack JohnsonBubble {Toes}
32%
RadioheadTree{fingers}
32%
Wreckx-N-Effect{Rump} Shaker
18%
OK GoWhite {Knuckles}
9%

Score Distribution

Percentile by Number Answered

Percent of People with Each Score

Your Score History

You have not taken this quiz since the last reset